000 00446nam a22001697a 4500
005 20180809155136.0
008 160625b xxu||||| |||| 00| 0 eng d
020 _a978-81-315-0007-1
041 _aeng
082 _b9918
_a658.3
100 _aDowling, Peter J and Weich, Denice E
_92637
245 _aInternational Human Resource Management
260 _bCengage
_c2010
_aaustralia
300 _a320p,
650 _aManagement
_9241
942 _cBK
999 _c3907
_d3906